[Event "Alberta op"]
[Site "Calgary"]
[Date "1993.10.09"]
[Round "2"]
[White "Ottosen, David"]
[Black "Rouse, Jeff"]
[Result "1-0"]
[WhiteElo "1605"]
[BlackElo "1710"]
[PlyCount "79"]
[EventDate "1993.10.09"]
[EventType "swiss"]
[EventRounds "6"]
[EventCountry "CAN"]
[SourceTitle "EXT 2017"]
[Source "ChessBase"]
[SourceDate "2016.10.25"]
[SourceVersion "1"]
[SourceVersionDate "2016.10.25"]
[SourceQuality "1"]

1. e4 c5 2. Nf3 e6 3. d4 cxd4 4. Nxd4 Nc6 5. Nb5 d6 6. Bf4 e5 7. Be3 a6 8. N5c3 Be6 9. Nd5 Bxd5 10. exd5 Qa5+ 11. Nc3 Nce7 12. Qd2 Rc8 13. 0-0-0 Nf6 14. Kb1 Nf5 15. Ne4 Qc7 16. Nxf6+ gxf6 17. Bd3 Nxe3 18. fxe3 Ke7 19. Bf5 Rb8 20. e4 h5 21. Qe2 Bh6 22. Rd3 h4 23. Rc3 Qb6 24. Qc4 Rhg8 25. Qc7+ Qxc7 26. Rxc7+ Kf8 27. Bh3 Bf4 28. Rd7 Rc8 29. Rxd6 Rc4 30. Rd8+ Kg7 31. Rxg8+ Kxg8 32. Bf5 Rd4 33. g3 hxg3 34. hxg3 Bxg3 35. c3 Rd3 36. Kc2 Rf3 37. d6 Kf8 38. Rh8+ Kg7 39. d7 Rf2+ 40. Kb3 1-0